| 000 | 00885nam a2200205 a 4500 | ||
|---|---|---|---|
| 008 | 070215s2004 ||||||||||||||||| || u | ||
| 020 | _a0748779493 | ||
| 050 | _aTA 330 Tay | ||
| 100 | _aGreer, Alex | ||
| 245 | 1 | 0 |
_aBTEC national mathematics for technicians _cGraham Taylor; Alex Greer |
| 250 | _a3rd ed. | ||
| 260 |
_aCheltenham _bNelson Thornes _c2004 |
||
| 300 | _avii, 245p.: ill. | ||
| 350 | _a0.00 | ||
| 650 | 0 | _aELECTRIC ENGINEERING--MATHEMATICS | |
| 650 | 0 | _aMATHEMATICS--HANDBOOKS, MANUALS, ETC | |
| 700 | _aTaylor, Graham | ||
| 995 |
_aMAIN LIBRARY OPEN ACCESS _D0.00 _e737644 _FCBU-MAIN LIBRARY (Kitwe) _H1 _I0.00 _jTA 330 Tay _M1 _UAVAILABLE _WFeb 15, 2007 _y53086 _ZMain Library Open Access Collection |
||
| 995 |
_aMAIN LIBRARY OPEN ACCESS _D0.00 _e737645 _FCBU-MAIN LIBRARY (Kitwe) _H1 _I0.00 _jTA 330 Tay _M2 _UAVAILABLE _WFeb 15, 2007 _y53053 _ZMain Library Open Access Collection |
||
| 999 |
_c78879 _d78879 |
||